[Event "Swiss Queens Wed #3"]
[Site "FIDE Online Arena INT"]
[Date "2024.02.14"]
[Round "9"]
[White "Balabayeva, Kseniya"]
[Black "Priyanka, Nutakki"]
[Result "0-1"]
[WhiteElo "2282"]
[BlackElo "2272"]
[PlyCount "64"]
[EventDate "2024.02.14"]
[EventType "swiss (blitz)"]
[EventRounds "11"]
[EventCountry "NET"]
[SourceTitle "CB08_2024"]
[SourceDate "2024.02.21"]
[SourceVersion "1"]
[SourceVersionDate "2024.02.21"]
[SourceQuality "1"]

1. d4 d5 2. Bf4 c5 3. e3 Nc6 4. Nf3 Nf6 5. c3 Qb6 6. Qb3 c4 7. Qc2 Bf5 8. Qc1 h6 9. h3 e6 10. Nbd2 Be7 11. Be2 0-0 12. g4 Bh7 13. Rg1 Qd8 14. h4 Ne4 15. g5 h5 16. Nxe4 Bxe4 17. Nd2 Bg6 18. Qd1 Qb6 19. b3 Qa5 20. Bxh5 Qxc3 21. Bxg6 fxg6 22. Rc1 Qd3 23. bxc4 Ba3 24. Nb3 Bb4+ 25. Nd2 Rxf4 26. exf4 Nxd4 27. Rg3 Qe4+ 28. Kf1 Qh1+ 29. Rg1 Qh3+ 30. Rg2 Qd3+ 31. Kg1 Bxd2 32. f3 Qe3+ 0-1

[Event "KAZ-ch (Women)"]
[Site "Astana"]
[Date "2023.12.22"]
[Round "8"]
[White "Balabayeva, Kseniya"]
[Black "Sultanbek, Zeinep"]
[Result "1/2-1/2"]
[WhiteElo "2244"]
[BlackElo "2008"]
[PlyCount "44"]
[EventDate "2023.12.13"]
[EventType "tourn"]
[EventRounds "9"]
[EventCountry "KAZ"]
[SourceTitle "CB52_2023"]
[SourceDate "2023.12.27"]
[SourceVersion "1"]
[SourceVersionDate "2023.12.27"]
[SourceQuality "1"]

1. e4 c5 2. Nf3 d6 3. Bb5+ Nd7 4. a4 Ngf6 5. Nc3 g6 6. 0-0 Bg7 7. a5 0-0 8. Re1 a6 9. Bf1 b5 10. axb6 Bb7 11. Ra3 a5 12. d3 Nxb6 13. Bd2 a4 14. Qc1 Ng4 15. b3 Bc6 16. bxa4 Nxa4 17. Nxa4 Rxa4 18. Rxa4 Bxa4 19. c3 Qb6 20. h3 Ne5 21. Nxe5 Bxe5 22. Bf4 Bxf4 1/2-1/2

[Event "KAZ-ch (Women)"]
[Site "Astana"]
[Date "2023.12.15"]
[Round "3"]
[White "Kaldarova, Ayaulym"]
[Black "Balabayeva, Kseniya"]
[Result "0-1"]
[WhiteElo "2015"]
[BlackElo "2244"]
[PlyCount "96"]
[EventDate "2023.12.13"]
[EventType "tourn"]
[EventRounds "9"]
[EventCountry "KAZ"]
[SourceTitle "CB52_2023"]
[SourceDate "2023.12.27"]
[SourceVersion "1"]
[SourceVersionDate "2023.12.27"]
[SourceQuality "1"]

1. Nf3 d5 2. g3 Nf6 3. Bg2 c6 4. c4 dxc4 5. 0-0 Nbd7 6. Na3 b5 7. Nd4 a6 8. d3 Bb7 9. dxc4 b4 10. Nac2 Qc7 11. b3 c5 12. Bxb7 Qxb7 13. Nf5 Rd8 14. Bb2 h5 15. h4 g6 16. Nfe3 Rg8 17. Ne1 Ne4 18. Nf3 Ne5 19. Nd5 Ng4 20. Qc2 f5 21. Ng5 Nxg5 22. hxg5 Qb8 23. e4 h4 24. exf5 hxg3 25. f4 Qc8 26. Rfe1 Qxf5 27. Qxf5 gxf5 28. Re6 Kf7 29. Rae1 Rg6 30. Rxg6 Kxg6 31. Kg2 Rd6 32. Kxg3 e6 33. Be5 Rd7 34. Nc7 Nxe5 35. Rxe5 Rxc7 36. Rxe6+ Kg7 37. Rxa6 Rd7 38. Kf3 Rd3+ 39. Ke2 Rd4 40. Ra7+ Kg8 41. Kf3 Bd6 42. Rd7 Rxf4+ 43. Ke3 Rd4 44. Ra7 Re4+ 45. Kf3 Be7 46. Rc7 Kf7 47. Rc6 Re6 48. Rc7 Kg6 0-1

[Event "Benidorm op-A"]
[Site "Benidorm"]
[Date "2023.10.31"]
[Round "3"]
[White "Lopez Martinez, Jaime"]
[Black "Balabayeva, Kseniya"]
[Result "0-1"]
[WhiteElo "2020"]
[BlackElo "2192"]
[PlyCount "94"]
[EventDate "2023.10.29"]
[EventType "swiss"]
[EventRounds "9"]
[EventCountry "ESP"]
[SourceTitle "Mega2024 Update 01"]
[Source "Chessbase"]
[SourceDate "2023.11.12"]
[SourceVersion "1"]
[SourceVersionDate "2023.11.12"]
[SourceQuality "1"]

1. e4 c6 2. d4 d5 3. exd5 cxd5 4. Bd3 Nc6 5. c3 Nf6 6. Bf4 Bg4 7. Qb3 Qc8 8. Nd2 e6 9. Ngf3 Be7 10. 0-0 0-0 11. Rfe1 Bh5 12. h3 Bg6 13. Bxg6 hxg6 14. Ne5 Nxe5 15. Bxe5 Nd7 16. Bg3 Qc6 17. a4 Bd6 18. Bxd6 Qxd6 19. Nf3 Rfc8 20. a5 Nf6 21. Ne5 Rc7 22. Qa3 Qa6 23. Re3 Rac8 24. f3 Ne8 25. Qb4 Nd6 26. Rae1 g5 27. Kf2 Re8 28. Qa4 Ree7 29. Qb4 g6 30. R3e2 Kg7 31. Nd3 Nc4 32. Ra1 Nd6 33. Ne5 Nf5 34. Rd1 f6 35. Nd3 Kf7 36. Nc5 Qd6 37. Rde1 Qg3+ 38. Kf1 Nh4 39. Qb3 Qh2 40. Rf2 Nf5 41. Ke2 Qf4 42. Kf1 Qh2 43. Ke2 Qd6 44. Kf1 e5 45. Qd1 exd4 46. cxd4 Qh2 47. Rxe7+ Rxe7 0-1